000 00778nam a2200181Ia 4500
999 _c59022
_d59022
003 GCL
005 20240530110145.0
008 140319s9999 xx 000 0 ara d
040 _aGCL /
_cGCL
082 0 4 _a250
_bق ا
100 1 _aابن قيم الجوزية: شمس الدين ابو عبدالله محمد بن ابى بكر بن ايوب بن سعيد الزرعى
245 1 0 _aاعلام الموقعين عن رب العالمين /
_cابن قيم الجوزية: شمس الدين ابو عبدالله محمد بن ابى بكر
260 _aبيروت :
_bالمكتبة العصرية للنشر والتوزيع ،
_c1987
300 _a406 ص
650 0 4 _aالشريعة الاسلامية
650 0 4 _aالفقه الاسلامى
942 _2ddc
_cBK